[Event "Leutersdorf Sparkasse op 13th"]
[Site "Leutersdorf"]
[Date "2009.02.15"]
[Round "7"]
[White "Kavalski, Petko"]
[Black "Rothnauer, Volker"]
[Result "1-0"]
[WhiteElo "1605"]
[BlackElo "1721"]
[PlyCount "97"]
[EventDate "2009.02.13"]
[EventType "swiss"]
[EventRounds "7"]
[EventCountry "GER"]
[SourceTitle "CBM 128 Extra"]
[Source "ChessBase"]
[SourceDate "2009.03.05"]
[SourceVersion "2"]
[SourceVersionDate "2009.03.25"]
[SourceQuality "1"]

1. e4 d6 2. d4 g6 3. Nc3 Bg7 4. Be2 Nf6 5. Be3 Nc6 6. g4 e5 7. d5 Ne7 8. g5 Nfg8 9. Qd2 f5 10. gxf6 Nxf6 11. 0-0-0 Ng4 12. Bxg4 Bxg4 13. f3 Bh5 14. Bh6 Bxh6 15. Qxh6 Qd7 16. Rf1 0-0-0 17. f4 Rdf8 18. Nge2 Bxe2 19. Nxe2 Qg4 20. Rf2 Rf7 21. Rg1 Qd7 22. Rgf1 Rhf8 23. Qh4 Ng8 24. fxe5 dxe5 25. Nc3 h6 26. Qg3 Rxf2 27. Rxf2 Rxf2 28. Qxf2 Qe7 29. b3 b6 30. Kb2 Kb7 31. a4 Qf6 32. Qe2 a6 33. Qc4 Ne7 34. Na2 c6 35. Nb4 b5 36. dxc6+ Nxc6 37. axb5 Nxb4 38. Qxb4 axb5 39. Qxb5+ Ka7 40. Qc5+ Kb7 41. b4 g5 42. b5 h5 43. c4 g4 44. Qd5+ Ka7 45. Kb3 Qe7 46. c5 h4 47. b6+ Kb8 48. c6 g3 49. c7+ 1-0

[Event "Leutersdorf Sparkasse op 11th"]
[Site "Leutersdorf"]
[Date "2007.02.18"]
[Round "5"]
[White "Zimmermann, Rene"]
[Black "Kavalski, Petko"]
[Result "1-0"]
[WhiteElo "1928"]
[BlackElo "1629"]
[PlyCount "83"]
[EventDate "2007.02.16"]
[EventType "swiss"]
[EventRounds "7"]
[EventCountry "GER"]
[SourceTitle "CBM 117 Extra"]
[Source "ChessBase"]
[SourceDate "2007.05.09"]
[SourceVersion "1"]
[SourceVersionDate "2007.05.09"]
[SourceQuality "1"]

1. f4 d5 2. Nf3 Bg4 3. e3 h5 4. b3 Nf6 5. Bb2 Nc6 6. Bb5 a6 7. Bxc6+ bxc6 8. 0-0 e6 9. d3 Bc5 10. Qe1 Bxf3 11. Rxf3 Kf8 12. Qc3 Qe7 13. Qxc5 Qxc5 14. Ba3 Qxa3 15. Nxa3 Ke7 16. Nb1 Rhe8 17. Nd2 Rad8 18. Rff1 Kf8 19. Nf3 Nd7 20. Ne5 Nxe5 21. fxe5 Ke7 22. Rf4 f5 23. exf6+ gxf6 24. Raf1 Rf8 25. Ra4 Ra8 26. Rf3 Rg8 27. Kf2 Rg4 28. Rff4 f5 29. Rxg4 hxg4 30. c4 Kd6 31. b4 e5 32. Ra5 dxc4 33. dxc4 Ke6 34. b5 cxb5 35. cxb5 Kd7 36. h4 Rb8 37. bxa6 f4 38. exf4 exf4 39. a7 Rb2+ 40. Kf1 Rb1+ 41. Ke2 Rb2+ 42. Kd3 1-0

[Event "Leutersdorf Sparkasse op 11th"]
[Site "Leutersdorf"]
[Date "2007.02.17"]
[Round "3"]
[White "Baier, David"]
[Black "Kavalski, Petko"]
[Result "0-1"]
[WhiteElo "1103"]
[BlackElo "1629"]
[PlyCount "124"]
[EventDate "2007.02.16"]
[EventType "swiss"]
[EventRounds "7"]
[EventCountry "GER"]
[SourceTitle "CBM 117 Extra"]
[Source "ChessBase"]
[SourceDate "2007.05.09"]
[SourceVersion "1"]
[SourceVersionDate "2007.05.09"]
[SourceQuality "1"]

1. e4 c5 2. Nf3 d6 3. d4 cxd4 4. Nxd4 Nf6 5. Nc3 a6 6. Bc4 g6 7. Be3 Bg7 8. Qd2 0-0 9. f3 Nbd7 10. g4 b5 11. Bd5 Rb8 12. Nc6 Qc7 13. Nxb8 Qxb8 14. h4 Ne5 15. Qg2 b4 16. Na4 Nxd5 17. exd5 Qb5 18. Nb6 Bb7 19. Rd1 Nc4 20. Nxc4 Qxc4 21. b3 Qc3+ 22. Qd2 Qe5 23. Kf2 a5 24. Bd4 Qxd5 25. Rh3 e5 26. Bb6 Qb5 27. Qxd6 Rc8 28. Rd2 Bf8 29. Qf6 Rc6 30. Qd8 Qxb6+ 31. Qxb6 Rxb6 32. Ke3 Bc5+ 33. Ke2 Ba6+ 34. Ke1 Bd4 35. Rhh2 Kg7 36. Rd1 Rf6 37. Rh3 Rc6 38. Rh2 Rc3 39. f4 f6 40. fxe5 fxe5 41. Rdd2 Rg3 42. g5 Bc3 43. Kf2 Bxd2 44. Kxg3 Bf4+ 45. Kg2 Bxh2 46. Kxh2 Kf7 47. Kg3 Ke6 48. Kf3 Kf5 49. Ke3 e4 50. Kf2 Kf4 51. Ke1 Kf3 52. Kd2 Kf2 53. c4 bxc3+ 54. Kxc3 e3 55. h5 e2 56. h6 e1Q+ 57. Kb2 Ke3 58. a4 Kd3 59. b4 Qc3+ 60. Kb1 Qb3+ 61. Ka1 Kc2 62. bxa5 Qb2# 0-1

[Event "Leutersdorf Sparkasse op 11th"]
[Site "Leutersdorf"]
[Date "2007.02.17"]
[Round "4"]
[White "Kavalski, Petko"]
[Black "Schoehl, Gerd"]
[Result "1/2-1/2"]
[WhiteElo "1629"]
[BlackElo "1942"]
[PlyCount "67"]
[EventDate "2007.02.16"]
[EventType "swiss"]
[EventRounds "7"]
[EventCountry "GER"]
[SourceTitle "CBM 117 Extra"]
[Source "ChessBase"]
[SourceDate "2007.05.09"]
[SourceVersion "1"]
[SourceVersionDate "2007.05.09"]
[SourceQuality "1"]

1. e4 c5 2. Nf3 Nc6 3. d4 cxd4 4. Nxd4 Nf6 5. Nc3 e5 6. Ndb5 d6 7. Bg5 a6 8. Na3 b5 9. Nd5 Be7 10. Nxe7 Nxe7 11. Bd3 Bb7 12. Qe2 Qa5+ 13. Bd2 Qc7 14. 0-0 0-0 15. Bg5 Ne8 16. Rfd1 f6 17. Be3 Qc6 18. c4 b4 19. Nc2 a5 20. Ne1 f5 21. f3 f4 22. Bf2 Nc7 23. Rac1 Na6 24. Qd2 Nc5 25. Bf1 Rad8 26. Nd3 Ng6 27. b3 Qc7 28. Qb2 Ra8 29. Rd2 Rfd8 30. Rcd1 Ne6 31. Ne1 Ne7 32. Nc2 Nc6 33. Bh4 g5 34. Bf2 1/2-1/2

[Event "Leutersdorf Sparkasse op 11th"]
[Site "Leutersdorf"]
[Date "2007.02.16"]
[Round "2"]
[White "Kavalski, Petko"]
[Black "Muenchhalfen, Harald"]
[Result "1/2-1/2"]
[WhiteElo "1629"]
[BlackElo "1369"]
[PlyCount "73"]
[EventDate "2007.02.16"]
[EventType "swiss"]
[EventRounds "7"]
[EventCountry "GER"]
[SourceTitle "CBM 117 Extra"]
[Source "ChessBase"]
[SourceDate "2007.05.09"]
[SourceVersion "1"]
[SourceVersionDate "2007.05.09"]
[SourceQuality "1"]

1. e4 e6 2. d4 d5 3. Nc3 Nf6 4. exd5 exd5 5. Nf3 Bg4 6. Be2 c6 7. 0-0 Bd6 8. h3 Bf5 9. Re1 0-0 10. Bd3 Bxd3 11. Qxd3 Nbd7 12. Bd2 Qc7 13. Re2 Rfe8 14. Rae1 Rxe2 15. Rxe2 Re8 16. Rxe8+ Nxe8 17. Qe2 Qd8 18. Kf1 Qe7 19. Qxe7 Bxe7 20. Bf4 Bd6 21. Bxd6 Nxd6 22. Ke2 Nf6 23. Ne5 Kf8 24. f3 Ke7 25. Na4 Nd7 26. Nxd7 Kxd7 27. Nc5+ Kc7 28. Nd3 f6 29. b3 b6 30. a4 a5 31. Nf4 Kd7 32. Nh5 Ne8 33. Ke3 g6 34. Nf4 Ke7 35. g4 Ng7 36. h4 Ne6 37. Nxe6 1/2-1/2

[Event "Leutersdorf Sparkasse op 10th"]
[Site "Leutersdorf"]
[Date "2006.02.19"]
[Round "7"]
[White "Ruehrmund, Daniel"]
[Black "Kavalski, Petko"]
[Result "1/2-1/2"]
[WhiteElo "1396"]
[BlackElo "1708"]
[PlyCount "62"]
[EventDate "2006.02.17"]
[EventType "swiss"]
[EventRounds "7"]
[EventCountry "GER"]
[SourceTitle "EXT 2007"]
[Source "ChessBase"]
[SourceDate "2006.11.23"]
[SourceVersion "1"]
[SourceVersionDate "2006.11.23"]
[SourceQuality "1"]

1. e4 d5 2. exd5 Nf6 3. Nf3 Nxd5 4. Bb5+ c6 5. Bc4 Bg4 6. Nc3 e6 7. Nxd5 exd5 8. Be2 Bd6 9. d4 0-0 10. 0-0 Qc7 11. h3 Bh5 12. c3 Nd7 13. Qc2 Nf6 14. Nh4 Bxe2 15. Qxe2 Rfe8 16. Qd3 Ne4 17. Nf5 Bf4 18. Bxf4 Qxf4 19. Ng3 Nxg3 20. fxg3 Qe3+ 21. Qxe3 Rxe3 22. Kf2 Rae8 23. Rfe1 Rxe1 24. Rxe1 Rxe1 25. Kxe1 Kf8 26. Ke2 Ke7 27. Ke3 Kf6 28. Kf4 Ke6 29. g4 a5 30. a4 b6 31. b4 Kd6 1/2-1/2

[Event "Leutersdorf Sparkasse op 10th"]
[Site "Leutersdorf"]
[Date "2006.02.18"]
[Round "5"]
[White "Gebur, Thomas"]
[Black "Kavalski, Petko"]
[Result "0-1"]
[WhiteElo "1395"]
[BlackElo "1708"]
[PlyCount "84"]
[EventDate "2006.02.17"]
[EventType "swiss"]
[EventRounds "7"]
[EventCountry "GER"]
[SourceTitle "EXT 2007"]
[Source "ChessBase"]
[SourceDate "2006.11.23"]
[SourceVersion "1"]
[SourceVersionDate "2006.11.23"]
[SourceQuality "1"]

1. e4 c5 2. d4 cxd4 3. c3 d3 4. Bxd3 g6 5. Nf3 Bg7 6. 0-0 d6 7. Be3 Nc6 8. Qc2 Nf6 9. Nbd2 0-0 10. Rfe1 Bd7 11. Rac1 Rc8 12. Nb3 Nb4 13. Qb1 Nxd3 14. Qxd3 Bc6 15. Nfd2 a6 16. Nd4 Qc7 17. Nxc6 Qxc6 18. f3 Rfd8 19. Nb3 Nd7 20. Red1 Ne5 21. Qe2 Qc4 22. Qxc4 Nxc4 23. Kf2 Nxb2 24. Rd2 Nc4 25. Rdc2 Nxe3 26. Kxe3 Rc7 27. g3 Rdc8 28. Kd3 b5 29. Nd4 e5 30. Ne2 f5 31. Rf1 Rc4 32. Rb1 R8c5 33. Ke3 Bh6+ 34. Kf2 fxe4 35. a3 e3+ 36. Kg2 d5 37. Rb4 a5 38. Rxc4 Rxc4 39. Rb2 d4 40. cxd4 exd4 41. Nxd4 Rxd4 42. Rxb5 Ra4 0-1

[Event "Leutersdorf Sparkasse op 10th"]
[Site "Leutersdorf"]
[Date "2006.02.18"]
[Round "3"]
[White "Stopp, Paul"]
[Black "Kavalski, Petko"]
[Result "0-1"]
[WhiteElo "990"]
[BlackElo "1708"]
[PlyCount "113"]
[EventDate "2006.02.17"]
[EventType "swiss"]
[EventRounds "7"]
[EventCountry "GER"]
[SourceTitle "EXT 2007"]
[Source "ChessBase"]
[SourceDate "2006.11.23"]
[SourceVersion "1"]
[SourceVersionDate "2006.11.23"]
[SourceQuality "1"]

1. d4 d5 2. c4 e6 3. Nf3 Be7 4. Nc3 Nf6 5. e3 0-0 6. Bd3 dxc4 7. Bxc4 c5 8. 0-0 a6 9. a4 Qc7 10. b3 Rd8 11. Qc2 Nc6 12. Rd1 Nb4 13. Qe2 Bd7 14. Ba3 cxd4 15. Rxd4 Nc6 16. Bxe7 Nxe7 17. Qc2 b5 18. axb5 axb5 19. Rxa8 Rxa8 20. Be2 Ra1+ 21. Rd1 Rxd1+ 22. Bxd1 b4 23. Na2 Qa5 24. h3 Bc6 25. Nd4 Be4 26. Qd2 Nfd5 27. f3 Bb1 28. e4 Qxa2 29. Qxa2 Bxa2 30. exd5 Nxd5 31. Kf2 Bb1 32. Nc6 Nc3 33. Ke1 Nd5 34. Kd2 Kf8 35. Kc1 Bd3 36. Kd2 Bf1 37. Be2 Bxg2 38. h4 Ke8 39. Ke1 Kd7 40. Ne5+ Ke7 41. Kf2 Bh3 42. Bc4 f6 43. Nc6+ Kd6 44. Bxd5 Kxd5 45. Nxb4+ Kc5 46. Nd3+ Kb5 47. Ke3 Bf5 48. Nc1 Kb4 49. Kd2 e5 50. f4 exf4 51. Ne2 g5 52. hxg5 fxg5 53. Ke1 Bc2 54. Kf2 Bxb3 55. Kf3 Bd1 56. Kf2 Bxe2 57. Kxe2 0-1

[Event "Loebau-Zittau KSK op"]
[Site "Leutersdorf"]
[Date "2004.02.14"]
[Round "5"]
[White "Roessler, Frank Peter"]
[Black "Kavalski, Petko"]
[Result "1-0"]
[WhiteElo "1916"]
[BlackElo "1716"]
[PlyCount "97"]
[EventDate "2004.02.13"]
[EventType "swiss"]
[EventRounds "7"]
[EventCountry "GER"]
[SourceTitle "CBM 098 Extra"]
[Source "ChessBase"]
[SourceDate "2004.03.10"]
[SourceVersion "2"]
[SourceVersionDate "2004.03.10"]
[SourceQuality "1"]

1. f4 d5 2. Nf3 d4 3. g3 g6 4. Bg2 Bg7 5. d3 c5 6. 0-0 Nc6 7. Nbd2 Bd7 8. Ne4 b6 9. Ne5 Rc8 10. Nxd7 Qxd7 11. c4 Nf6 12. Bd2 0-0 13. a3 Ne8 14. b4 f5 15. Ng5 h6 16. Ne6 Rf6 17. Nxg7 Kxg7 18. b5 Nd8 19. a4 Qd6 20. a5 Ne6 21. axb6 axb6 22. Ra7 Nd8 23. e4 fxe4 24. Bxe4 Rc7 25. Ra8 Qd7 26. Qa4 Nd6 27. Bg2 Nc8 28. Ra1 Qf5 29. Be4 Qd7 30. Qd1 Nd6 31. Bg2 Nf5 32. Qf3 Re6 33. h4 Rf6 34. Rb8 Rc8 35. Rxc8 Qxc8 36. Kh2 Qc7 37. Ra8 Rf8 38. h5 Rf6 39. Qd5 Rd6 40. Qe5+ Kh7 41. hxg6+ Kxg6 42. Be4 Qd7 43. g4 e6 44. Be1 Kf7 45. gxf5 exf5 46. Bxf5 Qe7 47. Qxe7+ Kxe7 48. Bh4+ Ke8 49. Kg3 1-0

[Event "Leutersdorf Muench Braeu op 08th"]
[Site "Leutersdorf"]
[Date "2003.02.13"]
[Round "5"]
[White "Lubbe, Melanie"]
[Black "Kavalski, Petko"]
[Result "1/2-1/2"]
[WhiteElo "1826"]
[BlackElo "1585"]
[PlyCount "151"]
[EventDate "2003.02.12"]
[EventType "swiss"]
[EventRounds "9"]
[EventCountry "GER"]
[SourceTitle "CBM 092 Extra"]
[Source "ChessBase"]
[SourceDate "2003.03.07"]
[SourceVersion "1"]
[SourceVersionDate "2003.03.07"]
[SourceQuality "1"]

1. e4 c5 2. Nc3 Nc6 3. g3 g6 4. Bg2 Bg7 5. d3 d6 6. f4 e6 7. Nf3 Nge7 8. 0-0 0-0 9. Be3 Bd7 10. Kh1 Rc8 11. g4 a6 12. Qe1 b5 13. Nh4 b4 14. Nd1 Nd4 15. Qf2 Nec6 16. f5 Nxc2 17. Qxc2 Qxh4 18. Qd2 Qe7 19. Bg5 f6 20. Be3 Ne5 21. Bh3 Bb5 22. Nf2 c4 23. Qxb4 cxd3 24. b3 exf5 25. gxf5 g5 26. Rfd1 Rfe8 27. Bg2 Rc2 28. a4 Bc6 29. Rd2 Qb7 30. Qxb7 Bxb7 31. Rad1 Bf8 32. Bd4 d5 33. Bxe5 Rxe5 34. Nxd3 Rxd2 35. Rxd2 Re8 36. exd5 Bd6 37. Bf3 a5 38. h3 Re3 39. Kg2 Ba6 40. Nc1 Kf8 41. Rc2 Ke7 42. Kf2 Re5 43. Ne2 Bd3 44. Rc3 Bxe2 45. Bxe2 Rxf5+ 46. Bf3 h5 47. Kg2 h4 48. Re3+ Be5 49. Re4 Rf4 50. Rxf4 Bxf4 51. Bg4 Kd6 52. Be6 Ke5 53. Kf3 Kd4 54. Kg4 Ke5 55. Kf3 f5 56. Bd7 Bd2 57. Bc8 Bb4 58. Bd7 Bd6 59. Bc8 Kf6 60. Bd7 Kf7 61. Bxf5 Kf6 62. Ke4 Bc5 63. Bg4 Bd6 64. Kd3 Ke5 65. Kc4 Bb4 66. Be6 Kd6 67. Kb5 Bd2 68. Kc4 Bb4 69. Kd4 Bd2 70. Kd3 Bb4 71. Ke3 Ke5 72. Kd3 Be1 73. Kc4 Bb4 74. Kb5 Kd6 75. Kc4 Ba3 76. Kc3 1/2-1/2